Benavente y los libros (Record no. 183975)

MARC details
000 -LEADER
campo de control de longitud fija 01358nam a2200337 i 4500
001 - NÚMERO DE CONTROL
campo de control 183975
003 - IDENTIFICADOR DE NÚMERO DE CONTROL
campo de control ES-MaACL
005 - FECHA Y HORA DE LA ÚLTIMA TRANSACCIÓN
campo de control 20250727092808.0
008 - DATOS DE LONGITUD FIJA--INFORMACIÓN GENERAL
campo de control de longitud fija 150121s2003 sp a c |||| ||spa d
020 ## - NÚMERO INTERNACIONAL ESTÁNDAR DEL LIBRO
Número Internacional Estándar del Libro 84-920047-9-7
080 ## - NÚMERO DE LA CLASIFICACIÓN DECIMAL UNIVERSAL
Número de la Clasificación Decimal Universal 002
080 ## - NÚMERO DE LA CLASIFICACIÓN DECIMAL UNIVERSAL
Número de la Clasificación Decimal Universal 016:94(460.184 Benavente)
245 00 - MENCIÓN DEL TÍTULO
Título Benavente y los libros
Resto del título : exposición bibliográfica /
Mención de responsabilidad, etc. [autores, Fernando Regueras Grande ... et al.].
260 ## - PUBLICACIÓN, DISTRIBUCIÓN, ETC.
Lugar de publicación, distribución, etc. Benavente :
Nombre del editor, distribuidor, etc. Centro de Estudios Benaventanos "Ledo del Pozo",
Fecha de publicación, distribución, etc. 2003.
300 ## - DESCRIPCIÓN FÍSICA
Extensión 101 p. :
Otras características físicas il. col. ;
Dimensiones 24 cm.
490 1# - MENCIÓN DE SERIE
Mención de serie Exposiciones y catálogos ;
Designación de volumen o secuencia 5
500 ## - NOTA GENERAL
Nota general Índice.
504 ## - NOTA DE BIBLIOGRAFÍA, ETC.
Nota de bibliografía, etc. Bibliografía: p. 23.
650 #4 - PUNTO DE ACCESO ADICIONAL DE MATERIA--TÉRMINO DE MATERIA
Término de materia o nombre geográfico como elemento de entrada Libros-
Subdivisión de forma Exposiciones.
9 (RLIN) 138122
651 #4 - PUNTO DE ACCESO ADICIONAL DE MATERIA--NOMBRE GEOGRÁFICO
Nombre geográfico Zamora (Provincia)-
Subdivisión de forma Exposiciones.
9 (RLIN) 156217
651 #4 - PUNTO DE ACCESO ADICIONAL DE MATERIA--NOMBRE GEOGRÁFICO
Nombre geográfico Zamora (Provincia)-
Subdivisión de forma Bibliografías.
9 (RLIN) 156188
651 #4 - PUNTO DE ACCESO ADICIONAL DE MATERIA--NOMBRE GEOGRÁFICO
Nombre geográfico Benavente-
Subdivisión general Historia-
Subdivisión de forma Exposiciones.
9 (RLIN) 156254
655 #7 - TERMINO DE INDIZACIÓN--GENERO/FORMA
Fuente del término tgfbne
9 (RLIN) 193628
Datos o término principal de género/forma Catálogos de exposiciones
700 1# - ENTRADA AGREGADA--NOMBRE PERSONAL
Nombre de persona Regueras Grande, Fernando.
9 (RLIN) 156140
710 2# - ENTRADA AGREGADA--NOMBRE DE ENTIDAD CORPORATIVA
Nombre de entidad corporativa o nombre de jurisdicción como elemento de entrada Centro de Estudios Benaventanos "Ledo del Pozo"
9 (RLIN) 144530
830 00 - PUNTO DE ACCESO ADICIONAL DE SERIE-TÍTULO UNIFORME
Título uniforme Exposiciones y catálogos
Designación de volumen o secuencia 5
9 (RLIN) 187714
852 ## - LOCALIZACIÓN
Ubicación ES-MaACL
Número de control de estantería A-13332
itemnumber 190940
Sublocalización o colección R.150329
Ubicación en estantería Depósito 1
Signatura antigua Olim: N-6332
Donativo/Legado Donación: Centro de Estudios Benaventanos
914 ## - NOMBRE ENTIDAD DE DONANTE
RLIN 144530
Nombre de congreso/reunión o jurisdicción como elemento de entrada Centro de Estudios Benaventanos "Ledo del Pozo"
Unidad subordinada Donante
942 ## - ELEMENTOS DE ENTRADA SECUNDARIOS (KOHA)
Fuente del sistema de clasificación o colocación Clasificación decimal universal
Tipo de ítem Koha Libro impreso
Holdings
Estatus retirado Estado de pérdida Fuente del sistema de clasificación o colocación Estado de daño No para préstamo Biblioteca de origen Biblioteca actual Ubicación en estantería Fecha de adquisición Fuente de adquisición Total de préstamos Signatura topográfica completa Código de barras Visto por última vez Precio de reemplazo Tipo de ítem Koha
    Clasificación decimal universal     Biblioteca del Ateneo de Madrid Biblioteca del Ateneo de Madrid Depósito 1 21/01/2015 Donación   A-13332 1193461 23/02/2023 23/02/2023 Libro impreso